| 000 | 00480 a2200157 4500 | ||
|---|---|---|---|
| 999 |
_c320966 _d320966 |
||
| 001 | 85893 | ||
| 003 | NUST | ||
| 005 | 20180121172114.0 | ||
| 008 | 180121b xxu||||| |||| 00| 0 eng d | ||
| 020 | _a1565490258 | ||
| 082 | _a338.9 SOE | ||
| 100 |
_aSoedjatmoko ; Kathleen Newland ; Kamala Chandrakirana Soedjatmoko _99370 |
||
| 245 |
_aTransforming humanity : the visionary writings of Soedjatmoko _hEnglish |
||
| 250 | _a1st | ||
| 260 |
_aWest Hartford _b Kumarian Press _c1994 |
||
| 300 | _axii, 212 p. | ||
| 500 | _aGifted By AM Masood Akhtar | ||
| 942 |
_acaenust _cBK _k338.9 SOE _2ddc |
||